| 000 | 01067nam a22002537a 4500 | ||
|---|---|---|---|
| 005 | 20170124102940.0 | ||
| 010 | _aB-004314 | ||
| 020 |
_c00.00 _a8174870970 |
||
| 035 | _aB-004314 | ||
| 037 | _bCen Lib/Ret | ||
| 040 |
_aDPL _bHN |
||
| 082 |
_a954 _bत्यागीए |
||
| 100 |
_aत्यागी, एम.एस. _948000 |
||
| 245 |
_aआधुनिक भारत : _cएम.एस . त्यागी _b1858-1950 / |
||
| 246 |
_aAdhunik bharat : 1858-1950 / _bby M.S. Tyagi |
||
| 260 |
_aनयी दिल्ली _bराधा पब्लिकेशन्स _c2000 |
||
| 270 |
_bनयी दिल्ली _a4378/4B, अंसारी रोड _e110002 |
||
| 300 |
_a195पृ. _c21सेमी (सजिल्द) |
||
| 650 |
_aइतिहास _zभारत _948001 |
||
| 650 |
_aभारत के ब्रिटिश कब्जे (1765-1947) _948002 |
||
| 650 |
_aHistory _zIndia _9436 |
||
| 650 |
_aBritish Occupation of India (1765-1947) _948003 |
||
| 942 |
_2ddc _cHN _h954 _mत्यागीए |
||
| 999 |
_c112521 _d112521 |
||